| 000 | 00596nam a2200205Ia 4500 | ||
|---|---|---|---|
| 003 | OSt | ||
| 005 | 20241003114325.0 | ||
| 008 | 210210b2002 xxu||||| |||| 00| 0 eng d | ||
| 020 | _a81 7747 027 2 | ||
| 040 | _cAL | ||
| 041 | _aKannada | ||
| 082 | _aK894.3 SHRC | ||
| 100 |
_aSHRINIVASA. _9133551 _dಶ್ರೀನಿವಾಸ |
||
| 245 |
_aChikaveera Rajendra. _bಚಿಕವೀರ ರಾಜೇಂದ್ರ |
||
| 260 |
_aBengaluru _bMasti Venkatesh Ayyangar Jivana Karyalaya Trast. _c2002 |
||
| 300 | _axiv,462 | ||
| 690 |
_aKannada Fiction _9133552 |
||
| 906 | _a058634 | ||
| 942 |
_2ddc _cBK |
||
| 999 |
_c105578 _d105578 |
||